书目信息 |
| 题名: |
雾都孤儿
|
|
| 作者: | 狄更斯 著 ;张玫玫 , 耿雨 译 | |
| 分册: | ||
| 出版信息: | 长春 吉林出版集团股份有限公司 2019.01 |
|
| 页数: | 548页 | |
| 开本: | 24cm | |
| 丛书名: | 英语大书虫世界经典名译典藏书系 | |
| 单 册: | ||
| 中图分类: | H319.4 | |
| 科图分类: | ||
| 主题词: | 英语--ying yu--汉语--对照读物 , 长篇小说--chang pian xiao shuo--英国--近代 | |
| 电子资源: | ||
| ISBN: | 978-7-5581-4320-5 | |
| 000 | 01337nam 2200337 450 | |
| 001 | 202019135828 | |
| 005 | 20191026133320.0 | |
| 010 | @a978-7-5581-4320-5@dCNY49.80 | |
| 100 | @a20191015d2019 em y0chiy50 ea | |
| 101 | 1 | @achi@aeng@ceng |
| 102 | @aCN@b220000 | |
| 105 | @ay z 000ay | |
| 106 | @ar | |
| 200 | 1 | @a雾都孤儿@Awu du gu er@f(英) 查尔斯·狄更斯著@g张玫玫, 耿雨译 |
| 205 | @a第2版 | |
| 210 | @a长春@c吉林出版集团股份有限公司@d2019.01 | |
| 215 | @a548页@d24cm | |
| 225 | 2 | @a英语大书虫世界经典名译典藏书系@Aying yu da shu chong shi jie jing dian ming yi dian cang shu xi |
| 300 | @a英汉对照 | |
| 312 | @a英文题名取自封面 | |
| 330 | @a这是一部长篇小说。全书以雾都伦敦为背景, 讲述了一个孤儿悲惨的身世及离奇的遭遇。主人公奥利弗在“贫民教养所”中长大, 经历学徒生涯, 艰苦逃难, 误入贼窝, 又被迫与狠毒的凶徒为伍, 历尽无数辛酸, 最后终于在好心人的帮助下, 查明身世并获得了幸福。 | |
| 410 | 0 | @12001 @a英语大书虫世界经典名译典藏书系 |
| 500 | 10 | @aOliver twist@mChinese |
| 606 | 0 | @a英语@Aying yu@x汉语@j对照读物 |
| 606 | 0 | @a长篇小说@Achang pian xiao shuo@y英国@z近代 |
| 690 | @aH319.4@v5 | |
| 701 | 1 | @a狄更斯@Adi geng si@g(Dickens, Charles,@f1812-1870@4著 |
| 702 | 0 | @a张玫玫@Azhang mei mei@4译 |
| 702 | 0 | @a耿雨@Ageng yu@4译 |
| 801 | 0 | @aCN@c20190905 |
| 905 | @a河南城建学院图书馆@dH319.4@eD360-7=2 | |
| 雾都孤儿/(英) 查尔斯·狄更斯著/张玫玫, 耿雨译.-第2版.-长春:吉林出版集团股份有限公司,2019.01 |
| 548页;24cm.-(英语大书虫世界经典名译典藏书系) |
| 英汉对照 |
| ISBN 978-7-5581-4320-5:CNY49.80 |
| 这是一部长篇小说。全书以雾都伦敦为背景, 讲述了一个孤儿悲惨的身世及离奇的遭遇。主人公奥利弗在“贫民教养所”中长大, 经历学徒生涯, 艰苦逃难, 误入贼窝, 又被迫与狠毒的凶徒为伍, 历尽无数辛酸, 最后终于在好心人的帮助下, 查明身世并获得了幸福。 |
| ● |
| 相关链接 |
|
|
|
正题名:雾都孤儿
索取号:H319.4/D360-7=2
 
预约/预借
| 序号 | 登录号 | 条形码 | 馆藏地/架位号 | 状态 | 备注 |
| 1 | 1444807 | 214448070 | 语言库209/209语言库 44排6列4层/ [索取号:H319.4/D360-7=2] | 在馆 | |
| 2 | 1444808 | 214448089 | 语言库209/209语言库 44排6列4层/ [索取号:H319.4/D360-7=2] | 在馆 |